Načítá se...
Written communication in english/
| Hlavní autor: | |
|---|---|
| Médium: | Printed Book |
| Vydáno: |
Hyderabad:
Orient Longman,
1996.
|
| Témata: |
| LEADER | 00467nam a22001331a 4500 | ||
|---|---|---|---|
| 082 | |a 425 |b FRE/W | ||
| 100 | |a Freeman Sarah |9 131124 | ||
| 245 | |a Written communication in english/ |c by Freeman Sarah. | ||
| 260 | |a Hyderabad: |b Orient Longman, |c 1996. | ||
| 300 | |a 224p. | ||
| 650 | |a Communication Theory |9 131125 | ||
| 942 | |c BK | ||
| 999 | |c 51487 |d 51487 | ||
| 952 | |0 0 |1 0 |4 0 |6 425_000000000000000_N96 |7 0 |9 74891 |a SSUS |b SSUS |d 2015-01-08 |g 50.00 |o 425 N96 |p 012983 |r 2015-01-08 |v 0.00 |w 2015-01-08 |y BK | ||